000 00826nam a22002297a 4500
003 OSt
005 20230126110006.0
008 160111b xxu||||| |||| 00| 0 eng d
020 _a978 99954 0 381 2
040 _cLado V
082 _a743.5
_bP419c
100 _9503
_aPentimalli, Michela
_ecuradora
245 _aChaco Trágico /
_bFlora Doliente y Angustia de los hombres/
260 _aAustralia
_bFundación Simon I. Patino
_c2008
300 _a136p.
_bil. (col.)
_c21x28cm.
500 _aNotas en español, inglés y alemán
650 _aDIBUJO
_2Tesauro de Arte & Arquitectura
650 _aDENUNCIA SOCIAL
_2Tesauro de Arte & Arquitectura
650 _aGUERRA
_2Tesauro de Arte & Arquitectura
650 _aFIGURA HUMANA
_2Tesauro de Arte & Arquitectura
942 _2ddc
_c1
_n0
_h743.5
_iP419c
999 _c2909
_d2909